000
00247nam a22001097a 4500
082
_a
330.95491
100
_a
Yousaf Hussain Sherazi
245
_a
Pakistan kay maashi masail
260
_a
Lahore
_b
Feroze sons
_c
1970
300
_a
175p
942
_c
BK
999
_c
3376
_d
3376